00335nam a22001097a 4500020001500000082002000015100002900035245006900064250001000133260004800143300003400191 a8122411673 222a621.3104219 aBegamudree, Rakosh Das.  aElectro-mechanical energy conversion with dynamics of machines / a2nd.  aNew Delhi,bNew Age International,cc1998.  axx, 599 p. ;bill. ;c24 cm.